01057cam a2200241 a 4500001000500000005001700005008004100022020003800063020004900101040003000150050002100180082001500201100001900216245002700235260005100262300004500313505000600358520033100364521001800695521001800713650004200731650004200773135020230821083137.0090617s2010 dcua j 000 0 eng  a9781426306143 (pbk. : alk. paper) a9781426306150 (library binding : alk. paper) aDLCcDLCdDLCdFISKHbeng00aQL336b.T83 201000a591.962221 aTuchman, Gail.10aSafari /cGail Tuchman aWashington, D.C. :bNational Geographic,c2010 a24 pages :bcolor illustrations ;c23 cm aD aSafari day dawns on the savanna. The African light gives the sky colors seen nowhere else on Earth. Soon, an amazing array of wild animals are yawning, screeching, and growling to life. Meet the elephants, lions, giraffes, zebras, hippos, and the laughing hyenas of the wilderness and find out who's friends with whom and why! a180 bLexile aD bRaz-Plus 0aAnimalszAfricavJuvenile literature. 0aSafariszAfricavJuvenile literature.